000 00561nam a2200169 a 4500
001 000030422
005 20200930062314.0
008 110517s2011 dr ac 000 0 spa d
020 _a9789945877533
040 _aDO-SdBNP
_bspa
_cBNPHU
082 _axxxx
_bP438M
100 1 _aPérez Santana, Mariano H.
_957054
245 1 0 _aManuel Arsenio Ureña y su proyecto de caobas. /
_cMariano H. Pérez Santana.
260 _aSanto Domingo :
_bEditores Asociados :
_bFundación Manuel Arsenio Ureña,
_c2011.
300 _a94 p. :
_bil., retrs. ;
_c29 cm.
049 _aBNPD
999 _c29914
_d29914